| 000 | 00356cam a2200145ua 4500 | ||
|---|---|---|---|
| 041 |
_aeng _h |
||
| 082 |
_a823.301 _bGRE/SI |
||
| 100 | _aGreen, Harry . | ||
| 245 |
_aSinging wind and other stories / _cHarry Green. _hTextual Documents |
||
| 260 |
_aLondon : _bLongman , _c1963. |
||
| 300 | _a116 ; . | ||
| 504 | _a | ||
| 942 | _cBK | ||
| 999 |
_c12860 _d12860 |
||